|
|
|
|
| LEADER |
00897nab#a2200325#ar4500 |
| 001 |
000118639 |
| 003 |
SVKKK |
| 005 |
20161205133920.0 |
| 008 |
161128c2014 xo |||||||||||||||b|slo |
| FMT |
|
|
|
| 015 |
|
|
|a SNBRB2016/11
|
| 038 |
|
|
|a SVKKK
|
| 040 |
|
|
|a SVKKK
|b slo
|e AACR2
|
| 041 |
0 |
|
|a slo
|
| 044 |
|
|
|a xo
|c SK
|
| 080 |
|
|
|a 929 Mesochoritisová, Adriana
|2 2008
|
| 080 |
|
|
|a 061.27
|2 2008
|
| 100 |
1 |
|
|a Kizek, Jaroslav
|4 aut
|
| 245 |
1 |
0 |
|a Mať možnosť voľby by malo byť právom všetkých ľudí
|c Jaroslav Kizek
|
| 300 |
|
|
|b Fotogr.
|
| 600 |
1 |
4 |
|a Mesochoritisová, Adriana
|x rodová trénerka, feministická aktivistka
|z Slovensko
|
| 610 |
2 |
4 |
|a Možnosť voľby (občianske združenie : Slovensko)
|
| 655 |
|
4 |
|a romiká
|
| 773 |
0 |
|
|t Romane nevipena
|g Roč. 1, č. 3 (2014), s. 8-9
|
| 974 |
|
|
|a Fav
|
| 992 |
|
|
|a RBX
|
| BAS |
|
|
|
| 852 |
|
|
|a SVKKK
|b BIB
|
| EXP |
|
|
|
| 998 |
|
|
|a ROM
|